Statistics for Famous USA and Canada Features

Click here to take the quiz!

General Stats

  • This quiz has been taken 44 times
  • The average score is 11 of 15

Answer Stats

HintPlaceAnswer% Correct
Famous BridgeSan FranciscoGolden Gate Bridge
94%
Tall BuildingTorontoCN Tower
86%
Famous 5 lakesAll touch USA, 4 touch CanadaGreat Lakes
86%
First National ParkWyoming, Montana, IdahoYellowstone
86%
Famous BuildingNY CityEmpire State Building
83%
Famous BuildingSeattleSpace Needle
83%
Remember the ______!San AntonioAlamo
81%
Giant FacesBlack HillsMount Rushmore
81%
Giant WaterfallNorth of BuffaloNiagara Falls
75%
Colorado River, Deep, GrandFlagstaffGrand Canyon
72%
One of largest islandsVery North of CanadaBaffin Island
69%
Largest ObeliskWashington, DCWashington Monument
67%
ArchSt. LouisGateway Arch
64%
Largest mountainInterior of AlaskaMt. Denali
64%
Huge tidesNova Scotia, New Brunswick, MaineBay of Fundy
53%

Score Distribution

Percentile by Number Answered

Percent of People with Each Score

Your Score History

You have not taken this quiz